Los grandes "enigmas" de la ocupación / (Record no. 75714)

MARC details
000 -LEADER
campo de control de longitud fija 00751nam a2200217 i 4500
001 - NÚMERO DE CONTROL
campo de control 75714
003 - IDENTIFICADOR DE NÚMERO DE CONTROL
campo de control ES-MaACL
005 - FECHA Y HORA DE LA ÚLTIMA TRANSACCIÓN
campo de control 20250818131139.0
008 - DATOS DE LONGITUD FIJA--INFORMACIÓN GENERAL
campo de control de longitud fija 040927s1970 sp f |||| | spa d
080 ## - NÚMERO DE LA CLASIFICACIÓN DECIMAL UNIVERSAL
Número de la Clasificación Decimal Universal 944"1940/45"
245 04 - MENCIÓN DEL TÍTULO
Título Los grandes "enigmas" de la ocupación /
Mención de responsabilidad, etc. presentado por Jean Dumont.
250 ## - MENCION DE EDICION
Mención de edición Ed. reservada a Los Amigos de la Historia.
260 ## - PUBLICACIÓN, DISTRIBUCIÓN, ETC.
Lugar de publicación, distribución, etc. [Madrid] :
Nombre del editor, distribuidor, etc. Círculo de Amigos de la Historia,
Fecha de publicación, distribución, etc. [1970]
300 ## - DESCRIPCIÓN FÍSICA
Extensión 3 v. :
Otras características físicas 36 lám. ;
Dimensiones 18 cm.
650 04 - PUNTO DE ACCESO ADICIONAL DE MATERIA--TÉRMINO DE MATERIA
Término de materia o nombre geográfico como elemento de entrada Guerra mundial, 1939-1945-
Subdivisión general Resistencia-
Subdivisión geográfica Francia.
9 (RLIN) 139487
651 #4 - PUNTO DE ACCESO ADICIONAL DE MATERIA--NOMBRE GEOGRÁFICO
Nombre geográfico Francia-
Subdivisión general Historia-
Subdivisión cronológica 1940-1945, Ocupación alemana.
9 (RLIN) 139486
700 1# - ENTRADA AGREGADA--NOMBRE PERSONAL
Nombre de persona Dumont, Jean.
9 (RLIN) 46008
700 2# - ENTRADA AGREGADA--NOMBRE PERSONAL
Nombre de persona
9 (RLIN) 241864
852 ## - LOCALIZACIÓN
Ubicación ES-MaACL
Número de control de estantería C-40648-50
Holdings
Estatus retirado Estado de pérdida Estado de daño No para préstamo Biblioteca de origen Biblioteca actual Ubicación en estantería Fecha de adquisición Fuente de adquisición Total de préstamos Signatura topográfica completa Código de barras Visto por última vez Precio de reemplazo Tipo de ítem Koha
        Biblioteca del Ateneo de Madrid Biblioteca del Ateneo de Madrid Depósito 2 17/01/2008     C-40648-50 1079248 23/02/2023 23/02/2023 Libro impreso